LEADER 01090nam a2200289 u 4500 001 000000033911 003 CaOOAMICUS 005 20070226112420.0 008 971117s1997 fr u000 u fre u 020 $a2850211001 035 $a10776401 040 $aPUL(R)$bita 041 1 $afre$agrc 100 1 $aBoismard, Marie-Emile,$cO.P.$0(OLS)http://pul/name/3204 245 10$aEn quête du proto-Luc /$cpar M.-E. Boismard. 260 $aParis :$bGabalda,$c1997. 300 $a364 p. ;$c25 cm 490 1 $aEtudes bibliques.$aNouvelle série ;$v37 500 $a"Index": p. [345]-353. 504 $a"Bibliographie": p. [354]-358. 830 0$aEtudes bibliques.$pNouvelle série ;$v37.$0(OLS)http://pul/title/41897 850 $aPUL 852 $aPUL$W1$xSL Religione 1$y3$m5 G 122$j46514$nBK-PRI$b $qStampati$B46514$CPULBib$Z2$F46514 $H $81 941 1 $a8 996 $6020$a2850211001$9(OLS)http://pul/number/42571 996 $6245$aEn quête du proto-Luc$9(OLS)http://pul/title/46723 996 $6260$aParis :$bGabalda$9(OLS)http://pul/publisher/49544 LEADER 01136nam a2200253 u 4500 001 000000106140 003 CaOOAMICUS 005 20070709123122.0 008 070709s1950 it ao u000 u ita u 040 $aPUL$bita$dGP 245 10$a50 anni di vita italiana /$ca cura di Arturo Tofanelli e Federico Patellani. 246 3 $aCinquant'anni di vita italiana 260 $aMilano :$bEditoriale Milano Nuova,$c1950. 300 $a199 p. :$bill. ;$c35 cm. 525 $aSul front.: E' un documentario di Tempo, settimanale di attualità. 651 4$aItalia$xStoria$y1900-1950.$0(OLS)http://pul/subject/33415 700 1 $aPatellani, Federico.$0(OLS)http://pul/name/65193 700 1 $aTofanelli, Arturo.$0(OLS)http://pul/name/65192 850 $aPUL 852 $aPUL$W1$xDP2 Filosofia 1$y62$m117 G 37$j119191$qStampati$B119081$CPULBib$Z2$F119081 $H62733 $81 941 1 $a8 996 $6246$aCinquant'anni di vita italiana$9(OLS)http://pul/title/133674 996 $6245$a50 anni di vita italiana$9(OLS)http://pul/title/133673 996 $6260$aMilano :$bEditoriale Milano Nuova$9(OLS)http://pul/publisher/79305